02573nam a22002537a 450000500170000000800410001704000440005804100080010208200160011010000470012624501780017326000470035130000330039850007130043150400410114450507270118550600210191258602160193365000390214965100350218865100330222365100340225665100290229020220225090806.0160804q1924 ck ab||fr|||| 001 0 spa d aCO-BoUCMbspacSandra YazodSandra Yazo04aspa04220a986.1041 aSaavedra Galindo, José Manueld1885-193110aColombia libertadorabla obra de la Nueva Granada, y especialmente del Valle del Cauca, en la campaña emancipadora del ecuador y del PerúcJosé Manuel Saavedra Galindo aEditorial cromosbLuis Tamayo & Co.c1924? a169, v páginasc25 x 17 cm aDetalles físicos: Encuadernación flexible en cartulina, tapa delantera con datos de publicación impreso en dos tintas. Portada impresa en una sola tinta. Hoja de cortesía con una fotografía del autor y una notación manuscrita. Texto impreso en una sola columna. Algunas notas al pie de página. Varias hojas con ilustraciones y mapas. Ejemplar en buen estado de conservación. Perteneció a la biblioteca de Mons. Rafael María Carrasquilla. Ej..2: Tapas sucias y dobladas en bordes (la posterior, rota en lugar de grapa inferior). Huellas de cinta pegante y rótulos antiguos. En la portada (verso), nota manuscrita de donación: “Para el Colegio del Rosario. S. Saavedra Lozano. 1937” aIncluye referencias bibliográficas0 aBibliografía ; Dedicatoria ; Punto de partida ; Santander señala la ruta de la invasión de los llanos a la Nueva Granada ; La figura política de Santander ; Litoral pacífica y especialmente del Valle del Cauca (1811 – 1819) ; Pasto ; Cali y Valle del Cauca escala de la expediciones terrestre y marítima de Bolívar y Sucre para la emancipación del Ecuador y del Perú ; Campaña del Perú ; Junín ; Ayacucho, 1824 ; La creación de Bolivia, 1825 ; José María Tadeo Galindo, de los libertadores de Ayacucho Campañas y acciones de guerra en que se halló ; Especial auxilios de la Nueva Granada para la expedición libertadora del Perú ; Perú, para las batallas ; Epilogo – Conclusiones aConsulta en sala aLibro que obtuvo el premio en el concurso abierto por el Gobierno de Colombia para enviar su delegación al tercer congreso científico panamericano de Lima, sección 1a ciencia histórica, educación, etc. 7aGuerra de Independenciay1806-183004aColombiaxHistoriaz1806-1830 04aPerúxHistoriaz1806-1830 04aEcuadorxHistoriaz1806-1830  7aNueva Granada xHistoria